000 00490nam a2200169Ia 4500
003 SISC
005 20160606092617.0
008 140527s9999 xx 000 0 und d
020 _a9789712364549
050 _aKPM 953.5
_b.D377 2013
100 _aDe Leon, Hector S.
245 _aThe law on partnerships and private corporations /
_cHector S. De Leon.
260 _aManila :
_bRex Book Store,
_c2013.
300 _a623 pages ;
_c22 cm.
942 _kLOC
_cBK
_2lcc
999 _c295592
_d295592